| 000 | 00690nam a2200241Ia 4500 | ||
|---|---|---|---|
| 001 | 1048 | ||
| 003 | GE_BSU | ||
| 008 | 181216s||||||||xx |||||||||||||| ||und|| | ||
| 020 | _a579890034 | ||
| 040 | _cGE_BSU | ||
| 080 | _a331.586(075.8) | ||
| 100 | _aСамуэльсон,А.Пол.,Нордхаус В.Д. | ||
| 245 | _aЭкономика | ||
| 245 | _bУч. пособ.для студ. по экономич. спец. | ||
| 245 | _cПод ред. Л.С.Тарасевича,А.И.Леусского | ||
| 260 | _aМосква | ||
| 260 | _bБином КноРус | ||
| 260 | _c1999 | ||
| 300 | _a799стр. | ||
| 541 | _h40л. | ||
| 653 | _aЭкономика | ||
| 942 | _cBK | ||
| 999 |
_c35202 _d35202 |
||